Statistiques concernant Culture Générale - Série 1173

Cliquez ici pour prendre le quiz!

Statistiques générales

  • Ce quiz a été pris 66 fois
  • Le résultat moyen est 6 sur 10

Statistiques - réponses

QuestionRéponse% Correct
Quel artiste a été surnommé "Gainsbarre" ?Serge Gainsbourg
95%
Les trois héros du film de Sergio Leone de 1966 sont surnommés "Le Bon, la brute et...le truand
92%
Par quel pays était envoyée l'Invincible Armada, la flotte qui devait débarquer une armée en Angleterre, en 1588 ?Espagne
80%
Quel crustacé est appelé : "bouquet" ?crevette
69%
Quelle mer fermée, située aux confins de l'Europe et de l'Asie, est aussi considérée comme le plus grand lac du monde ?mer Caspienne
58%
Dans quelle ville européenne, les Jeux olympiques d'été ont-ils été organisés en 1972 ?Munich
58%
Comment appelle-t-on l'extrait du livre généalogique d'un animal de race pure ?pedigree
50%
Quelle pièce de Sophocle nous raconte l'histoire d'un homme qui tue son père et épouse sa mère ?Oedipe roi
39%
Quel acteur incarne le capitaine Jack Aubrey dans le film "Master And Commander : de l'autre côté du monde" en 2003 ?Russell Crowe
20%
Quelle est l'unité monétaire principale d'Israël ?shekel
19%

Distribution des résultats

Percentile par nombre de réponses

% des personnes avec chaque résultat

Votre développement - résultats

Vous n’avez pas pris ce quiz